Normal view
MARC view
- Bible
Entry Uniform Title
001 - CONTROL NUMBER
- control field: 1662
003 - CONTROL NUMBER IDENTIFIER
- control field: OSt
005 - DATE AND TIME OF LATEST TRANSACTION
- control field: 20170505093804.0
008 - FIXED-LENGTH DATA ELEMENTS
- fixed length control field: 170505|| aca||aabn | a|a d
040 ## - CATALOGING SOURCE
- Original cataloging agency: OSt
- Transcribing agency: OSt
130 ## - HEADING--UNIFORM TITLE
- Uniform title: Bible
670 ## - SOURCE DATA FOUND
- Source citation: Work cat.: (OSt): The Holy Bible, containing the Old and New Testaments, [c1958]

PORTAL AKMAL
E-MEL JKDM
AKMAL2U
G-BAM
u-PUSTAKA